00422nam a2200133Ia 45000010005000000080041000050820022000461000075000682450072001432600024002155900007002399010027002469990015002734598241024s9999 xx 000 0 und d aRD/371/R426m/2016 aRepública Dominicana. Ministerio de Administración Pública (MAP) 0aModelo de retorno basado en el modelo CAF. Distrito Educativo 98-08 bSanto Domingoc2016 asi a8/3/2017 11:51:59 a.m. c8748d8748